000
00312nam a2200133Ia 4500
005
20251222155155.0
008
251222s9999||||xx |||||||||||||| ||spa||
082
_a
EDUM.109
100
_a
MARIE FRANCOISE COLLIERE
245
0
_a
Promover la vida
250
_a
1ra. ed.
264
_b
Interamericana
942
_c
LIB
999
_c
39721
_d
39721